000 00392nam a22001457a 4500
005 20250725110308.0
008 250725b |||||||| |||| 00| 0 eng d
020 _a9780664255862
050 _aREF BS491
_b.2 WOM
100 _aNEWSOM A. CAROL
245 _aTHE WOMEN'S BIBLE COMMENTARY
260 _aLOUISVILLE
_bWESTMINSTER JOHN KNOX PRESS
_cc1992
300 _axix, 396p
942 _2lcc
_cBK
_n0
999 _c7165
_d7165